To walk invisible : the Brontë sisters / a BBC ... Read More
Available copies
- 2 of 2 copies available at LARL/NWRL Consortium.
- 2 of 2 copies available at Northwest Regional Library. (Show preferred library)
Current holds
0 current holds with 2 total copies.
Show Only Available Copies
| Location | Call Number / Copy Notes | Barcode | Shelving Location | Status | Due Date |
|---|---|---|---|---|---|
| Hallock Public Library | DVD TO (Text) | 35500005551104 | Main | Available | - |
| Roseau Public Library | DVD TO (Text) | 35500005551112 | Main | Available | - |
Record details
- ISBN: 9781531701451
- ISBN: 1531701450
- Physical Description: 1 videodisc (approximately 120 min.) : sound, ... Read More
- Edition: Full UK-length edition.
- Publisher: [Arlington, VA] : PBS, [2017]
- Copyright: ©2016
Content descriptions
| General Note: | Originally aired as a TV movie in 2016. Widescreen. Includes bonus video: The Brontë story; An authentic look. |
| Formatted Contents Note: | Part one -- Part two. |
| Creation/Production Credits Note: | Editor, Richard Cox ; music, John Lunn ; director ... Read More |
| Participant or Performer Note: | Finn Atkins, Charlie Murphy, Adam Nagaitis, Chloe ... Read More |
| Summary, etc.: | Charlotte, Emily and Anne Bronte face a bleak ... Read More |
| System Details Note: | DVD, region 1, NTSC, widescreen presentation; ... Read More |
| Language Note: | Subtitled in English for the deaf and hard of ... Read More |
Search for related items by subject
| Subject: | Brontë family > Drama. Women authors > Drama. Sisters > Drama. Brontë family. Sisters. Women authors |
| Genre: | Made-for-TV movies. Fiction films. Video recordings for the hearing impaired. Drama. Made-for-TV movies. Video recordings for the hearing impaired. |
| LDR | 03996cgm a2200865Ii 4500 | ||
|---|---|---|---|
| 001 | 251356 | ||
| 003 | LARL_NWRL_CONSORTIUM | ||
| 005 | 20170418200152.0 | ||
| 008 | 170228p20172016vau120 vleng d | ||
| 007 | vd cvaizs | ||
| 040 | . | ‡aTEFMT ‡beng ‡erda ‡cTEFMT ‡dOCLCO ‡dTEF ‡dTEFMT ‡dOQX ‡dKYC ‡dWIM ‡dOCLCF | |
| 019 | . | ‡a975785061 ‡a975894935 ‡a980587630 | |
| 020 | . | ‡a9781531701451 | |
| 020 | . | ‡a1531701450 | |
| 024 | 1 | . | ‡a841887033114 |
| 028 | 4 | 2. | ‡aMAS64711 ‡bPBS |
| 035 | . | ‡a(OCoLC)973952155 ‡z(OCoLC)975785061 ‡z(OCoLC)975894935 ‡z(OCoLC)980587630 | |
| 037 | . | ‡bMidwest Tape ‡nhttp://www.midwesttapes.com | |
| 082 | 0 | 4. | ‡a791.43/72 ‡223 |
| 130 | 0 | . | ‡aMasterpiece theatre (Television program). ‡pTo walk invisible, the Bronte sisters. |
| 245 | 1 | 0. | ‡aTo walk invisible : ‡bthe Brontë sisters / ‡ca BBC Studios and BBC Wales production in partnership with The Open University ; co-produced with Lookout Point and Masterpiece ; produced by Karen Lewis ; written and directed by Sally Wainwright. |
| 250 | . | ‡aFull UK-length edition. | |
| 257 | . | ‡aGreat Britain ‡2naf | |
| 264 | 1. | ‡a[Arlington, VA] : ‡bPBS, ‡c[2017] | |
| 264 | 4. | ‡c©2016 | |
| 264 | 4. | ‡c©2017 | |
| 300 | . | ‡a1 videodisc (approximately 120 min.) : ‡bsound, color ; ‡c4 3/4 in. | |
| 336 | . | ‡atwo-dimensional moving image ‡btdi ‡2rdacontent | |
| 337 | . | ‡avideo ‡bv ‡2rdamedia | |
| 338 | . | ‡avideodisc ‡bvd ‡2rdacarrier | |
| 340 | . | ‡b4 3/4 in. | |
| 344 | . | ‡adigital ‡boptical ‡gstereo ‡2rda | |
| 345 | . | ‡awidescreen ‡afullscreen ‡2rda | |
| 346 | . | ‡alaser optical ‡bNTSC ‡2rda | |
| 347 | . | ‡avideo file ‡bDVD video ‡eregion 1 ‡2rda | |
| 380 | . | ‡aMade-for-TV movies. ‡2lcgft | |
| 538 | . | ‡aDVD, region 1, NTSC, widescreen presentation; stereo. | |
| 546 | . | ‡aSubtitled in English for the deaf and hard of hearing (SDH). | |
| 511 | 1 | . | ‡aFinn Atkins, Charlie Murphy, Adam Nagaitis, Chloe Pirrie, Jonathan Pryce. |
| 508 | . | ‡aEditor, Richard Cox ; music, John Lunn ; director of photography, David Raedeker. | |
| 500 | . | ‡aOriginally aired as a TV movie in 2016. | |
| 500 | . | ‡aWidescreen. | |
| 520 | . | ‡aCharlotte, Emily and Anne Bronte face a bleak future, with their father half-blind, and troubled brother Branwell in decline. As their situation worsens, Charlotte sees that writing could offer a way out. This is the story of the sisters' great novels and their extraordinary battle for recognition. | |
| 505 | 0 | 0. | ‡tPart one -- ‡tPart two. |
| 500 | . | ‡aIncludes bonus video: The Brontë story; An authentic look. | |
| 600 | 3 | 0. | ‡aBrontë family ‡vDrama. |
| 650 | 0. | ‡aWomen authors ‡vDrama. | |
| 650 | 0. | ‡aSisters ‡vDrama. ‡0(LARL_NWRL_CONSORTIUM)167418 | |
| 600 | 3 | 7. | ‡aBrontë family. ‡2fast ‡0(LARL_NWRL_CONSORTIUM)15432 |
| 650 | 7. | ‡aSisters. ‡2fast ‡0(LARL_NWRL_CONSORTIUM)31054 | |
| 650 | 7. | ‡2fast ‡aWomen authors ‡0(LARL_NWRL_CONSORTIUM)178572 | |
| 655 | 7. | ‡aMade-for-TV movies. ‡2lcgft ‡0(LARL_NWRL_CONSORTIUM)175746 | |
| 655 | 7. | ‡aFiction films. ‡2lcgft ‡0(LARL_NWRL_CONSORTIUM)175626 | |
| 655 | 7. | ‡aVideo recordings for the hearing impaired. ‡2lcgft ‡0(LARL_NWRL_CONSORTIUM)175744 | |
| 655 | 7. | ‡aDrama. ‡2fast | |
| 655 | 7. | ‡aMade-for-TV movies. ‡2fast ‡0(LARL_NWRL_CONSORTIUM)175746 | |
| 655 | 7. | ‡aVideo recordings for the hearing impaired. ‡2fast ‡0(LARL_NWRL_CONSORTIUM)175744 | |
| 700 | 1 | . | ‡aWainwright, Sally, ‡d1964- ‡efilm director, ‡escreenwriter. |
| 700 | 1 | . | ‡aLewis, Karen ‡c(Television producer), ‡efilm producer. |
| 700 | 1 | . | ‡aAtkins, Finn, ‡d1989- ‡eactor. |
| 700 | 1 | . | ‡aMurphy, Charlie, ‡d1988- ‡eactor. |
| 700 | 1 | . | ‡aNagaitis, Adam, ‡eactor. |
| 700 | 1 | . | ‡aPirrie, Chloe, ‡eactor. |
| 700 | 1 | . | ‡aPryce, Jonathan, ‡eactor. ‡0(LARL_NWRL_CONSORTIUM)75440 |
| 700 | 1 | . | ‡aCox, Richard ‡c(Film editor), ‡eeditor of moving image work. |
| 700 | 1 | . | ‡aLunn, John, ‡d1956- ‡ecomposer (expression) ‡0(LARL_NWRL_CONSORTIUM)219663 |
| 700 | 1 | . | ‡aRaedeker, David, ‡edirector of photography. |
| 710 | 2 | . | ‡aBBC Studios, ‡eproduction company. |
| 710 | 2 | . | ‡aBBC Wales, ‡eproduction company. ‡0(LARL_NWRL_CONSORTIUM)219124 |
| 710 | 2 | . | ‡aOpen University, ‡eproduction company. ‡0(LARL_NWRL_CONSORTIUM)180061 |
| 710 | 2 | . | ‡aLookout Point (Firm), ‡eproduction company. |
| 710 | 2 | . | ‡aPublic Broadcasting Service (U.S.), ‡epublisher. ‡0(LARL_NWRL_CONSORTIUM)90034 |
| 901 | . | ‡a251356 ‡bOCoLC ‡c251356 ‡tbiblio ‡soclc | |

Add to basket
Permalink
Disable Highlighting